Quaternion orders, quadratic forms, and Shimura curves

Сохранить в:
Библиографические подробности
Главные авторы: Alsina, Montserrat (Автор), Bayer, Pilar (Автор)
Формат:
Язык:английский
Опубликовано: Providence American Mathematical Society 2004
Серии:CRM Monograph Series, 22
Предметы:
Метки: Добавить метку
Нет меток, Требуется 1-ая метка записи!

MARC

LEADER 00000cam a2200000 a 4500
001 UCF8243
003 CL-VaPUC
008 130808e20040000us |||||||||||||||||eng|d
020 |a 0821833596 
082 0 4 |a 512.5  |b ALS  |2 21 
100 0 |a Alsina, Montserrat  |e author  |9 570335 
700 0 |a Bayer, Pilar  |e author  |9 570336 
245 1 0 |a Quaternion orders, quadratic forms, and Shimura curves 
300 |a 196 p 
942 |c BK 
945 |d 20130808 11:32:00  |a cmena 
260 |a Providence  |b American Mathematical Society  |c 2004 
650 7 |a CUATERNIOS  |2 CL-VaPUC  |9 570337 
650 7 |a FORMAS CUADRATICAS  |2 CL-VaPUC  |9 270195 
650 0 |a Curvas algebraicas  |9 269895 
583 |a last modification  |c 20130808 11:32:00  |k Rodrigo Vera 
490 0 |a CRM Monograph Series, 22 
999 |c 352865  |d 352863 
952 |0 0  |1 0  |4 0  |6 512_500000000000000_ALS_2004  |7 0  |8 A  |9 457599  |a BIBMAT  |b BIBMAT  |d 2019-11-22  |i 4992792  |o 512.5 ALS 2004  |p 4992792  |r 2025-01-07  |w 2019-11-22  |y BK  |k MAT